| 000 | 00590nam a2200229Ia 4500 | ||
|---|---|---|---|
| 003 | OSt | ||
| 005 | 20230504110740.0 | ||
| 008 | 210423s2011 xx 000 0 und d | ||
| 020 | _a9780074624982 | ||
| 040 | _cAL | ||
| 041 | _aeng | ||
| 082 |
_a621.381 ZBAP _223 |
||
| 100 |
_aZBAR (Paul B);others. _963574 |
||
| 245 | _aBasic electronics: a text lab manual. | ||
| 250 | _a7 | ||
| 260 |
_aNew Delhi _bTata McGraw-hill _c2011 |
||
| 300 |
_axiii,381 _bPB |
||
| 365 |
_b445 _cINR |
||
| 650 |
_aElectronics _963575 |
||
| 906 | _aBasic ; electronics: ; lab ; manual. | ||
| 942 |
_2ddc _cBK |
||
| 999 |
_c161932 _d161932 |
||